Gaming Quiz

Random Gaming or Song Quiz

Touhou Project Stage Music Quiz Stats

 Plays Quiz not verified by Sporcle

Challenge
Share
Tweet
Embed
Score 0/43 Timer 10:00
0 Plays Today
Stage Song Title % Correct
Stage 4 (Koakuma)Voile, the Magic Library
82.8%
Stage 5The Maid and the Pocket Watch of Blood
80.1%
Stage 3Shanghai Teahouse ~ Chinese Tea
79.5%
Stage 2 (Daiyousei)Lunate Elf
78.3%
Stage 5 (Tewi Inaba)Cinderella Cage ~ Kagome-Kagome
75.3%
Stage 6 (Eirin Yagokoro)Voyage 1969
71.8%
Stage 3The Gensokyo the Gods Loved
68%
Stage 1A Soul as Red as a Ground Cherry
67.7%
Extra Stage (Patchouli Knowledge)The Centennial Festival for Magical Girls
67.1%
Stage 6The Young Descendant of Tepes
64.9%
Extra Stage (Sanae Kochiya)Last Remote
63.7%
Extra Stage (EX Keine)Extend Ash ~ Hourai Victim
62.1%
Stage 3The Doll Maker of Bucuresti
61.9%
Stage 5Mystic Oriental Dream ~ Ancient Temple
61.1%
Extra Stage (Chen)Charming Domination
60.7%
Stage 4 (Momiji Inubashiri)Fall of Fall ~ Autumnal Waterfall
60.7%
Stage 5Lullaby of a Deserted Hell
60.4%
Stage 2The Fantastic Legend of Tohno
60%
Stage 6Ultimate Truth
60%
Phantasm Stage (Chen/Ran Yakumo)Charming Domination ~ Who Done It?
59.6%
Extra Stage (Kanako Yasaka)Tomorrow Will Be Special; Yesterday Was Not
59%
Stage 4Retribution for the Eternal Night ~ Imperishable Night
58.2%
Stage Song Title % Correct
Stage 2The Bridge People No Longer Cross
57.2%
Stage 4Heartfelt Fancy
55.6%
Stage 4 (Lily White)The Captial City of Flowers in the Sky
54.8%
Stage 5The Primal Scene of Japan the Girl Saw
52.5%
Stage 1 (Cirno)Paradise ~ Deep Mountain
50.3%
Stage 3Nostalgic Blood of the East ~ Old World
50.3%
Stage 6Hellfire Mantle
50.1%
Stage 1 (Shizuha Aki)A God that Misses People ~ Romantic Fall
49.9%
Stage 1 (Kisume)The Dark Blowhole
49.9%
Stage 3Walking the Streets of a Former Hell
49.5%
Stage 2Song of the Night Sparrow ~ Night Bird
48.9%
Stage 6Cemetery of Onbashira ~ Grave of Being
48.3%
Stage 6Fires of Hokkai
47.9%
Stage 2The Road of the Apotropaic God ~ Dark Road
47.3%
Extra Stage (Kogasa Tatara)UFO Romance in the Night Sky
46.9%
Stage 1At the End of Spring
41.2%
Stage 3Sky Ruin
37.9%
Stage 1Illusionary Night ~ Ghostly Eyes
37.5%
Stage 4Interdimensional Voyage of a Ghostly Passenger Ship
31.8%
Stage 2The Sealed Cloud Route
28.2%
Stage 5Rural Makai City Esoteria
26.6%

You're not logged in!

Compare scores with friends on all Sporcle quizzes.
OR
Log In

You Might Also Like...

Show Comments

Extras

Top Quizzes Today


Score Distribution

Your Account Isn't Verified!

In order to create a playlist on Sporcle, you need to verify the email address you used during registration. Go to your Sporcle Settings to finish the process.

Report this User

Report this user for behavior that violates our Community Guidelines.

Details: